Normal view
MARC view
Entry Nome pessoal
001 - NÚMERO DE CONTROLE
- campo de controle: 160
003 - IDENTIFICADOR DO NÚMERO DE CONTROLE
- campo de controle: Br
005 - DATA E HORÁRIO DA ÚLTIMA TRANSAÇÃO
- campo de controle: 20250122162443.0
008 - CAMPO DE DADOS FIXOS
- campo de controle de tamanho fixo: 080403|| acnacaban aaaa d
035 ## - NÚMERO DE CONTROLE DO SISTEMA
- Número de Controle do Sistema: 2008040315363707med
040 ## - FONTE DA CATALOGAÇÃO
- Instituição da catalogação original: blrjbn
- Instituição que transcreveu o registro: blrjbn
100 1# - CABEÇALHO--NOME PESSOAL
- Nome pessoal: Boyne, John,
- Datas associadas ao nome: 1971-
670 ## - FONTE POSITIVA DOS DADOS
- Citação da fonte positiva dos dados: Autor de: O menino do pijama listrado. 2007
- Dados encontrados na fonte localizada no subcampo: (orelha: nasceu na Irlanda, em 1971)
670 ## - FONTE POSITIVA DOS DADOS
- Citação da fonte positiva dos dados: http://authorities.loc.gov 5/7/2016
- Dados encontrados na fonte localizada no subcampo: (d.n.)
670 ## - FONTE POSITIVA DOS DADOS
- Citação da fonte positiva dos dados: http://viaf.org/processed/BNF%7C15104032
- Dados encontrados na fonte localizada no subcampo: (d.n.)
670 ## - FONTE POSITIVA DOS DADOS
- Citação da fonte positiva dos dados: http://viaf.org/processed/WKP%7CQ372533
- Dados encontrados na fonte localizada no subcampo: (Novelista irlandês, nasceu em Dublin)